Science in progress /
Guardado en:
| Autor Corporativo: | |
|---|---|
| Otros Autores: | |
| Formato: | Seriadas |
| Idioma: | English |
| Publicado: |
New Haven :
Yale University Press,
1957.
|
| Edición: | Tenth series. |
| Etiquetas: |
Agregar Etiqueta
Sin Etiquetas, Sea el primero en etiquetar este registro!
|
| LEADER | 00704cas a2200205 a 4500 | ||
|---|---|---|---|
| 001 | EEA.libagro010061 | ||
| 007 | t| | ||
| 008 | 751101d19381967ctugr#########0###a0eng## | ||
| 005 | 20211215105307.0 | ||
| 222 | 0 | |a Science in progress |b (New Haven) | |
| 245 | 0 | 0 | |a Science in progress / |c by Vannevar Bush ... [et al.]; edited by Hugh Taylor. |
| 250 | |a Tenth series. | ||
| 260 | |a New Haven : |b Yale University Press, |c 1957. | ||
| 300 | |a xv, 253 p. : |b il. ; |c 24 cm. | ||
| 022 | |a 0097-0611 | ||
| 700 | 1 | |a Bush, Vannevar, |d 1890-1974. | |
| 710 | 2 | |a Society of the Sigma XI. | |
| 246 | 1 | |a Society of the Sigma XI-RESA National Lectureships, 1955 and 1956 | |
| 082 | 0 | 0 | |a 001 |
| 859 | |a AR-BbBCA |b BIB. AGRONOMIA |h 001 |i T214 |p 1966/0131 | ||
